Ré ou Oléron ? - Statistiques

Statistiques générales
  • Ce quiz a été pris 165 fois
  • Le résultat moyen est 10 sur 15
Statistiques - réponses
Hint Réponse % Correct
La plus au nord
91%
Plus grande superficie Oléron
88%
Est la plus proche de Fort-Boyard Oléron
81%
Où se situe la commune de La Flotte
78%
Est en face de La Rochelle
76%
Plus grande population Oléron
72%
Est surnommée "la Blanche"
71%
A le plus grande Port de Pêche Oléron
70%
A un isthme de 0,33 km qui sépare le nord et le sud
65%
Est en Charente-Maritime Les Deux
64%
Pont qui la relie au continent le plus ancien Oléron
60%
le plus long pont qui la relie au continent
52%
Accueille la plus grande maison centrale de France
52%
Possède un canton propre à l'Ile Les Deux
36%
A le plus de communes
14%
Aucun quiz correspondant
Distribution des résultats
% des personnes avec chaque résultat
Percentile par nombre de réponses
Votre historique - résultats
Vous n’avez pas pris ce quiz